Laws of the Republic of Uganda Enacted in 2003 / (Record no. 5256)
[ view plain ]
| 000 -LEADER | |
|---|---|
| fixed length control field | 00770nam a22001577a 4500 |
| 008 - FIXED-LENGTH DATA ELEMENTS--GENERAL INFORMATION | |
| fixed length control field | 130213t xxu||||| |||| 00| 0 eng d |
| 082 ## - DEWEY DECIMAL CLASSIFICATION NUMBER | |
| Edition number | 348.6761 |
| Classification number | UGA |
| 245 ## - TITLE STATEMENT | |
| Title | Laws of the Republic of Uganda Enacted in 2003 / |
| Statement of responsibility, etc | Uganda Law Reform Commission |
| 260 ## - PUBLICATION, DISTRIBUTION, ETC. (IMPRINT) | |
| Place of publication, distribution, etc | Uganda |
| 300 ## - PHYSICAL DESCRIPTION | |
| Extent | v, 565 P. ; |
| Dimensions | 26 cm. |
| 650 ## - SUBJECT ADDED ENTRY--TOPICAL TERM | |
| Topical term or geographic name as entry element | Laws of the Republic of Uganda |
| 9 (RLIN) | 6903 |
| 650 ## - SUBJECT ADDED ENTRY--TOPICAL TERM | |
| Topical term or geographic name as entry element | Laws of the Republic of Uganda Enacted in; 2004, 2003, 2002 and 2001. |
| 9 (RLIN) | 6905 |
| 942 ## - ADDED ENTRY ELEMENTS (KOHA) | |
| Source of classification or shelving scheme | Dewey Decimal Classification |
| Item type | Books |
| Withdrawn status | Lost status | Source of classification or shelving scheme | Damaged status | Not for loan | Home library | Current library | Shelving location | Date acquired | Total Checkouts | Full call number | Barcode | Date last seen | Price effective from | Koha item type | Public note |
|---|---|---|---|---|---|---|---|---|---|---|---|---|---|---|---|
| Dewey Decimal Classification | Law Development Centre Main Library | Law Development Centre Main Library | Text Books and Laws | 02/13/2013 | 348.6761 UGA | 4261/2013 | 02/13/2013 | 02/13/2013 | Books | Reserve | |||||
| Dewey Decimal Classification | Law Development Centre Main Library | Law Development Centre Main Library | Text Books and Laws | 02/13/2013 | 348.6761 UGA | 4262/2013 | 02/13/2013 | 02/13/2013 | Books | Reserve |
